[Event "Politiken Cup 34th"]
[Site "Helsingor"]
[Date "2012.07.30"]
[Round "4"]
[White "Nielsen, Borge Hjerrild"]
[Black "Rewitz, Poul"]
[Result "0-1"]
[WhiteElo "2035"]
[BlackElo "2239"]
[PlyCount "76"]
[EventDate "2012.07.28"]
[EventType "swiss"]
[EventRounds "10"]
[EventCountry "DEN"]
[SourceTitle "CBM 149 Extra"]
[Source "ChessBase"]
[SourceDate "2012.08.24"]
[SourceVersion "1"]
[SourceVersionDate "2012.08.24"]
[SourceQuality "1"]

1. c4 e6 2. Nf3 Nf6 3. d4 Bb4+ 4. Bd2 c5 5. Bxb4 cxb4 6. Nbd2 0-0 7. g3 b6 8. Bg2 Bb7 9. 0-0 a5 10. Qc2 Na6 11. Rac1 Rc8 12. Qb1 d6 13. Rfe1 Rc7 14. e4 e5 15. b3 Re8 16. h3 Qa8 17. Rcd1 Rce7 18. d5 Nc5 19. Nh4 g6 20. Nf1 Bc8 21. Re3 Bd7 22. Qb2 Qc8 23. g4 Bxg4 24. hxg4 Qxg4 25. Nf3 Nfxe4 26. Qc2 f5 27. N3h2 Qh4 28. Rh3 Qf6 29. Bxe4 Nxe4 30. f3 Nc3 31. Re1 e4 32. f4 e3 33. Qd3 e2 34. Ng3 Re3 35. Qd2 Nb1 36. Qc2 Qd4 37. Kg2 Na3 38. Qc1 Rc3 0-1

[Event "Politiken Cup 34th"]
[Site "Helsingor"]
[Date "2012.07.29"]
[Round "3"]
[White "Wimo, Jorgen"]
[Black "Nielsen, Borge Hjerrild"]
[Result "0-1"]
[WhiteElo "1776"]
[BlackElo "2035"]
[PlyCount "26"]
[EventDate "2012.07.28"]
[EventType "swiss"]
[EventRounds "10"]
[EventCountry "DEN"]
[SourceTitle "CBM 149 Extra"]
[Source "ChessBase"]
[SourceDate "2012.08.24"]
[SourceVersion "1"]
[SourceVersionDate "2012.08.24"]
[SourceQuality "1"]

1. e4 c6 2. Nf3 d5 3. Nc3 dxe4 4. Nxe4 Bg4 5. Bc4 e6 6. h3 Bxf3 7. Qxf3 Nd7 8. d4 Nb6 9. Qc3 Nf6 10. Nxf6+ Qxf6 11. Be3 Bd6 12. Bb3 a5 13. a4 Bb4 0-1

[Event "Politiken Cup 34th"]
[Site "Helsingor"]
[Date "2012.07.28"]
[Round "1"]
[White "Edwardsson, Hannu Kalervo"]
[Black "Nielsen, Borge Hjerrild"]
[Result "0-1"]
[WhiteElo "1464"]
[BlackElo "2035"]
[PlyCount "60"]
[EventDate "2012.07.28"]
[EventType "swiss"]
[EventRounds "10"]
[EventCountry "DEN"]
[SourceTitle "CBM 149 Extra"]
[Source "ChessBase"]
[SourceDate "2012.08.24"]
[SourceVersion "1"]
[SourceVersionDate "2012.08.24"]
[SourceQuality "1"]

1. e4 c5 2. c4 Nc6 3. Nf3 d6 4. Be2 Bg4 5. 0-0 g6 6. Nc3 Bg7 7. d3 e6 8. Bd2 Nge7 9. a3 0-0 10. Rb1 Rb8 11. b4 b6 12. bxc5 dxc5 13. Na4 Bxf3 14. gxf3 Nd4 15. Bc3 Nec6 16. Bxd4 Nxd4 17. f4 Qh4 18. f5 Be5 19. f4 Bxf4 20. Rxf4 Qxf4 21. Rb2 exf5 22. exf5 Rbe8 23. Nc3 Qxf5 24. Qd2 Qe5 25. Kh1 Kg7 26. Kg1 f5 27. Kh1 f4 28. Bg4 h5 29. Bd1 f3 30. Qf2 Qe1+ 0-1

[Event "Politiken Cup 33rd"]
[Site "Helsingor"]
[Date "2011.08.06"]
[Round "9"]
[White "Nielsen, Borge Hjerrild"]
[Black "Johansen, Stian"]
[Result "0-1"]
[WhiteElo "2083"]
[BlackElo "1961"]
[PlyCount "106"]
[EventDate "2011.07.30"]
[EventType "swiss"]
[EventRounds "10"]
[EventCountry "DEN"]
[SourceTitle "CBM 143 Extra"]
[Source "ChessBase"]
[SourceDate "2011.08.29"]
[SourceVersion "1"]
[SourceVersionDate "2011.08.29"]
[SourceQuality "1"]

1. d4 Nf6 2. c4 g6 3. Nf3 Bg7 4. g3 0-0 5. Bg2 c5 6. 0-0 d6 7. Nc3 Nc6 8. dxc5 dxc5 9. Be3 Be6 10. Bxc5 Qa5 11. Be3 Bxc4 12. Nd2 Be6 13. Qa4 Qxa4 14. Nxa4 Nd5 15. Bxd5 Bxd5 16. Nc3 Be6 17. Rfc1 Nb4 18. Bc5 Nd5 19. Nxd5 Bxd5 20. e4 Bc6 21. Rc2 Ba4 22. Nb3 Rfc8 23. Rac1 e6 24. Be3 Rxc2 25. Rxc2 b5 26. Rc7 Bxb3 27. axb3 a5 28. Rc2 h5 29. Kf1 a4 30. bxa4 Rxa4 31. f3 Ra1+ 32. Bc1 Bxb2 33. Rxb2 Rxc1+ 34. Ke2 Rc5 35. f4 e5 36. Kd3 h4 37. fxe5 Rxe5 38. Kd4 Rg5 39. gxh4 Rh5 40. Ke3 Kg7 41. Kf3 Rxh4 42. Rxb5 Rxh2 43. Rb7 Rh5 44. Ra7 Rh4 45. Rb7 g5 46. Rb6 Rf4+ 47. Ke3 Rf6 48. Rb1 Kg6 49. Rh1 g4 50. Rh8 Kg5 51. e5 Rf4 52. Rg8+ Kf5 53. Rg7 Kxe5 0-1

[Event "Politiken Cup 32nd"]
[Site "Copenhagen"]
[Date "2010.08.04"]
[Round "6"]
[White "Jacobsen, Bo"]
[Black "Nielsen, Borge Hjerrild"]
[Result "1-0"]
[WhiteElo "2335"]
[BlackElo "2067"]
[PlyCount "55"]
[EventDate "2010.07.31"]
[EventType "swiss"]
[EventRounds "10"]
[EventCountry "DEN"]
[SourceTitle "CBM 137 Extra"]
[Source "ChessBase"]
[SourceDate "2010.09.01"]
[SourceVersion "1"]
[SourceVersionDate "2010.09.01"]
[SourceQuality "1"]

1. c4 e6 2. g3 d5 3. Bg2 Nf6 4. Nf3 Be7 5. d4 0-0 6. 0-0 dxc4 7. Qc2 a6 8. Qxc4 b5 9. Qc2 Bb7 10. Bd2 Bd6 11. Rd1 Nbd7 12. Ba5 Qb8 13. Nbd2 c5 14. Qd3 cxd4 15. Qxd4 Bc5 16. Qh4 Qa7 17. e3 Rfe8 18. g4 Nf8 19. g5 Ng6 20. Qg3 Ne4 21. Nxe4 Bxe4 22. Rd2 Qb7 23. Rad1 Nf8 24. h4 Be7 25. h5 b4 26. Rd4 Rac8 27. Rxe4 Qxe4 28. Nd4 1-0

[Event "Politiken Cup 31st"]
[Site "Helsingor"]
[Date "2009.07.25"]
[Round "9"]
[White "Rasmussen, Henning Lau"]
[Black "Nielsen, Borge Hjerrild"]
[Result "0-1"]
[WhiteElo "1845"]
[BlackElo "2073"]
[PlyCount "62"]
[EventDate "2009.07.18"]
[EventType "swiss"]
[EventRounds "10"]
[EventCountry "DEN"]
[SourceTitle "CBM 131 Extra"]
[Source "ChessBase"]
[SourceDate "2009.09.03"]
[SourceVersion "2"]
[SourceVersionDate "2009.09.16"]
[SourceQuality "1"]

1. d4 d5 2. c4 e6 3. Nf3 Be7 4. Nc3 Nf6 5. Bg5 0-0 6. e3 Nbd7 7. cxd5 exd5 8. Qc2 c6 9. Bd3 Re8 10. 0-0 h6 11. Bxf6 Nxf6 12. Rab1 a5 13. a3 Bd6 14. b4 Qe7 15. Na2 Ne4 16. b5 c5 17. dxc5 Bxc5 18. a4 Bd7 19. Bxe4 dxe4 20. Nd4 Bd6 21. Qe2 Qe5 22. g3 h5 23. Rfc1 Bg4 24. Qf1 h4 25. Nc3 g6 26. Nce2 Kg7 27. h3 Bf3 28. Kh2 Rh8 29. Qe1 hxg3+ 30. fxg3 Rxh3+ 31. Kxh3 Rh8# 0-1

[Event "Politiken Cup 31st"]
[Site "Helsingor"]
[Date "2009.07.21"]
[Round "5"]
[White "Frisvold, Ole Emil"]
[Black "Nielsen, Borge Hjerrild"]
[Result "1-0"]
[WhiteElo "1827"]
[BlackElo "2073"]
[PlyCount "67"]
[EventDate "2009.07.18"]
[EventType "swiss"]
[EventRounds "10"]
[EventCountry "DEN"]
[SourceTitle "CBM 131 Extra"]
[Source "ChessBase"]
[SourceDate "2009.09.03"]
[SourceVersion "2"]
[SourceVersionDate "2009.09.16"]
[SourceQuality "1"]

1. d4 d5 2. c4 e6 3. Nf3 Nf6 4. Bg5 Be7 5. e3 0-0 6. Nc3 Nbd7 7. Rc1 c6 8. a3 a6 9. Bd3 dxc4 10. Bxc4 Nd5 11. Bxe7 Qxe7 12. 0-0 Nxc3 13. Rxc3 e5 14. Nxe5 Nxe5 15. dxe5 Qxe5 16. Qc2 Bf5 17. Bd3 Bxd3 18. Rxd3 Rad8 19. Rfd1 Qf6 20. Qc3 Qxc3 21. bxc3 Rxd3 22. Rxd3 g6 23. Kf1 f6 24. Ke2 Rf7 25. Rd6 Kg7 26. Kd3 Rc7 27. c4 Kf7 28. c5 Ke7 29. Kc4 Rc8 30. Rd2 Ke6 31. Kb4 Rc7 32. Ka5 h5 33. Kb6 g5 34. Kxc7 1-0

[Event "Politiken Cup 31st"]
[Site "Helsingor"]
[Date "2009.07.19"]
[Round "3"]
[White "Knoth, Mikkel Berth"]
[Black "Nielsen, Borge Hjerrild"]
[Result "1/2-1/2"]
[WhiteElo "1856"]
[BlackElo "2073"]
[PlyCount "80"]
[EventDate "2009.07.18"]
[EventType "swiss"]
[EventRounds "10"]
[EventCountry "DEN"]
[SourceTitle "CBM 131 Extra"]
[Source "ChessBase"]
[SourceDate "2009.09.03"]
[SourceVersion "2"]
[SourceVersionDate "2009.09.16"]
[SourceQuality "1"]

1. c4 e6 2. Nc3 d5 3. d4 Nf6 4. Nf3 Be7 5. e3 0-0 6. b3 b6 7. Bd3 Bb7 8. Bb2 c5 9. 0-0 Nc6 10. Ne2 Rc8 11. Ng3 cxd4 12. exd4 Qc7 13. Rc1 Qb8 14. Ne5 g6 15. Qd2 Kg7 16. h4 Nxe5 17. dxe5 Ne4 18. Bxe4 dxe4 19. Qf4 f5 20. exf6+ Bxf6 21. Bxf6+ Rxf6 22. Qe3 Qf4 23. Qxf4 Rxf4 24. h5 Rd8 25. Rcd1 Rff8 26. hxg6 hxg6 27. Rfe1 Kf6 28. Nxe4+ Bxe4 29. Rxd8 Rxd8 30. Rxe4 Rd1+ 31. Kh2 Rd2 32. Kg3 Rxa2 33. Kf3 Rb2 34. Re3 Kf5 35. g4+ Kf6 36. Kg3 e5 37. f3 g5 38. Rd3 Ke6 39. Kh3 a5 40. Kg3 Ke7 1/2-1/2

[Event "Valby K41 Autumn-A"]
[Site "Valby"]
[Date "2008.09.30"]
[Round "4"]
[White "Nielsen, Borge Hjerrild"]
[Black "Lofberg, Jan"]
[Result "1/2-1/2"]
[WhiteElo "2063"]
[BlackElo "1822"]
[PlyCount "58"]
[EventDate "2008.09.09"]
[EventType "swiss"]
[EventRounds "7"]
[EventCountry "DEN"]
[SourceTitle "EXT 2023"]
[Source "ChessBase"]
[SourceDate "2022.10.05"]
[SourceVersion "1"]
[SourceVersionDate "2022.10.05"]
[SourceQuality "1"]

1. d4 Nf6 2. c4 c5 3. d5 b5 4. cxb5 a6 5. bxa6 g6 6. Nc3 Bxa6 7. e4 Bxf1 8. Kxf1 Bg7 9. Nge2 d6 10. h3 Qa5 11. Kg1 Nbd7 12. Qc2 0-0 13. Kh2 Rab8 14. Be3 Ne5 15. b3 Rfc8 16. Rab1 Qb4 17. Rhd1 Qa3 18. Kg1 Ned7 19. Bc1 Qa7 20. a3 Ne5 21. a4 Rb4 22. Ba3 Qa6 23. f3 Qa7 24. Kh1 Qa6 25. Qd2 Rb7 26. f4 Bh6 27. Qc2 Ned7 28. Bc1 Rb4 29. Be3 Bg7 1/2-1/2

[Event "Valby K41 Autumn-A"]
[Site "Valby"]
[Date "2008.09.16"]
[Round "2"]
[White "Ottosen, Peder"]
[Black "Nielsen, Borge Hjerrild"]
[Result "1-0"]
[WhiteElo "2021"]
[BlackElo "2063"]
[PlyCount "77"]
[EventDate "2008.09.09"]
[EventType "swiss"]
[EventRounds "7"]
[EventCountry "DEN"]
[SourceTitle "EXT 2023"]
[Source "ChessBase"]
[SourceDate "2022.10.05"]
[SourceVersion "1"]
[SourceVersionDate "2022.10.05"]
[SourceQuality "1"]

1. d4 d5 2. c4 e6 3. Nc3 Be7 4. Bf4 Nf6 5. e3 0-0 6. Nf3 c6 7. Bd3 dxc4 8. Bxc4 Nd5 9. Bg3 Nxc3 10. bxc3 c5 11. 0-0 Nc6 12. Qc2 a6 13. Rfd1 Qa5 14. Bd3 g6 15. Nd2 cxd4 16. exd4 Qd8 17. Nc4 b5 18. Be4 Bb7 19. d5 exd5 20. Rxd5 Qe8 21. Nd6 Bxd6 22. Bxd6 f5 23. Bf3 Rf7 24. Kf1 Na5 25. Bb4 Nc6 26. Re1 Qc8 27. Rc5 Rc7 28. Bd5+ Kg7 29. Ba3 h5 30. c4 Kh7 31. Qc3 b4 32. Bxb4 Nxb4 33. Qxb4 Bc6 34. Bxc6 Rxc6 35. Re7+ Kh6 36. Qd2+ f4 37. Qxf4+ g5 38. Qf7 Rxc5 39. Qg7# 1-0

[Event "Politiken Cup 30th"]
[Site "Helsingor"]
[Date "2008.07.25"]
[Round "8"]
[White "Nielsen, Borge Hjerrild"]
[Black "Hanssen, Gunnar Berg"]
[Result "0-1"]
[WhiteElo "2116"]
[BlackElo "2232"]
[PlyCount "116"]
[EventDate "2008.07.19"]
[EventType "swiss"]
[EventRounds "10"]
[EventCountry "DEN"]
[SourceTitle "CBM 125 Extra"]
[Source "ChessBase"]
[SourceDate "2008.09.01"]
[SourceVersion "1"]
[SourceVersionDate "2008.09.01"]
[SourceQuality "1"]

1. d4 Nf6 2. c4 c5 3. d5 b5 4. cxb5 a6 5. bxa6 g6 6. Nc3 Bxa6 7. e4 Bxf1 8. Kxf1 d6 9. g3 Bg7 10. Kg2 0-0 11. Nf3 Nbd7 12. Re1 Nb6 13. a4 Qd7 14. a5 Nc4 15. a6 Rfb8 16. Qc2 Rb6 17. b3 Ne5 18. Nxe5 dxe5 19. Na4 Rbxa6 20. Nxc5 Qc7 21. Rxa6 Rxa6 22. b4 Rb6 23. Qa4 h5 24. Be3 h4 25. f3 Qc8 26. Rc1 h3+ 27. Kf2 Qd8 28. Nd3 Rb8 29. Qa5 Qe8 30. g4 Ra8 31. Qc5 Qd7 32. Kg3 Ra3 33. Rc3 Rxc3 34. Qxc3 Qxg4+ 35. fxg4 Nxe4+ 36. Kxh3 Nxc3 37. Bc5 e4 38. Ne1 Nxd5 39. g5 Be5 40. Kg2 f5 41. gxf6 exf6 42. b5 Bc7 43. Nc2 Kf7 44. Ne3 Ke6 45. Nc4 Nf4+ 46. Kf1 Kd7 47. Bb6 Bxb6 48. Nxb6+ Kd6 49. Na4 f5 50. Kf2 Nd3+ 51. Ke3 Nc5 52. Nb6 Ne6 53. h4 Kc5 54. Nd7+ Kxb5 55. Ne5 Nf8 56. h5 gxh5 57. Kf4 h4 58. Kxf5 h3 0-1

[Event "Politiken Cup 30th"]
[Site "Helsingor"]
[Date "2008.07.24"]
[Round "7"]
[White "Nielsen, Preben"]
[Black "Nielsen, Borge Hjerrild"]
[Result "0-1"]
[WhiteElo "1921"]
[BlackElo "2116"]
[PlyCount "134"]
[EventDate "2008.07.19"]
[EventType "swiss"]
[EventRounds "10"]
[EventCountry "DEN"]
[SourceTitle "CBM 125 Extra"]
[Source "ChessBase"]
[SourceDate "2008.09.01"]
[SourceVersion "1"]
[SourceVersionDate "2008.09.01"]
[SourceQuality "1"]

1. e4 c6 2. c3 d5 3. exd5 cxd5 4. d4 Nf6 5. Bd3 Nc6 6. Nf3 e6 7. Qe2 Be7 8. 0-0 0-0 9. Nbd2 a6 10. Re1 Qc7 11. Nf1 b5 12. a3 Na5 13. Bg5 Nc4 14. Ne3 Bb7 15. Bxf6 Bxf6 16. Ng4 Qf4 17. Nxf6+ Qxf6 18. Qc2 g6 19. Ne5 Rfd8 20. Bf1 Rac8 21. Qe2 Nd6 22. Nd3 Rc7 23. f3 Bc6 24. Qe5 Qxe5 25. Rxe5 Nc4 26. Re2 Kf8 27. Kf2 Rd6 28. b3 Nb6 29. Nc5 a5 30. Re3 Be8 31. Ke2 Re7 32. Kd2 a4 33. b4 Bc6 34. Rae1 Nc4+ 35. Bxc4 dxc4 36. Ne4 Rd8 37. Nc5 Bd5 38. R1e2 g5 39. Ne4 h6 40. Nf6 Bc6 41. Ke1 Kg7 42. Ng4 Bd5 43. Nf2 Kg6 44. Ne4 h5 45. Nc5 Rd6 46. Kf2 Re8 47. Re1 Rh8 48. Re5 f6 49. R5e3 Kf7 50. R3e2 h4 51. Re3 Rg8 52. h3 f5 53. Rh1 Rg6 54. Re2 Rd8 55. Re3 Ke7 56. Re2 Rh6 57. Re5 Kd6 58. Re2 Rf8 59. Re5 Rf7 60. Re2 g4 61. f4 Rg7 62. Ke3 gxh3 63. Rxh3 Bxg2 64. Rh2 h3 65. Kd2 Rg4 66. Ke3 Rg3+ 67. Kd2 Rf3 0-1

[Event "Politiken Cup 30th"]
[Site "Helsingor"]
[Date "2008.07.23"]
[Round "6"]
[White "Nielsen, Borge Hjerrild"]
[Black "Joensen, Jogvan Emil"]
[Result "1/2-1/2"]
[WhiteElo "2116"]
[BlackElo "1904"]
[PlyCount "36"]
[EventDate "2008.07.19"]
[EventType "swiss"]
[EventRounds "10"]
[EventCountry "DEN"]
[SourceTitle "CBM 125 Extra"]
[Source "ChessBase"]
[SourceDate "2008.09.01"]
[SourceVersion "1"]
[SourceVersionDate "2008.09.01"]
[SourceQuality "1"]

1. d4 Nf6 2. c4 c5 3. d5 b5 4. cxb5 a6 5. bxa6 Bxa6 6. Nc3 g6 7. e4 Bxf1 8. Kxf1 d6 9. g3 Bg7 10. Kg2 0-0 11. Nf3 Nbd7 12. Re1 Ng4 13. Qe2 Qa5 14. Bd2 Rfb8 15. Reb1 Qa6 16. Qxa6 Rxa6 17. a4 Rb4 18. a5 Nge5 1/2-1/2

[Event "Politiken Cup 30th"]
[Site "Helsingor"]
[Date "2008.07.22"]
[Round "5"]
[White "Malmdin, Nils Ake"]
[Black "Nielsen, Borge Hjerrild"]
[Result "1-0"]
[WhiteElo "2274"]
[BlackElo "2116"]
[PlyCount "87"]
[EventDate "2008.07.19"]
[EventType "swiss"]
[EventRounds "10"]
[EventCountry "DEN"]
[SourceTitle "CBM 125 Extra"]
[Source "ChessBase"]
[SourceDate "2008.09.01"]
[SourceVersion "1"]
[SourceVersionDate "2008.09.01"]
[SourceQuality "1"]

1. e4 c6 2. d4 d5 3. e5 Bf5 4. Nf3 e6 5. Be2 c5 6. Be3 Qb6 7. Nc3 Bg4 8. dxc5 Bxc5 9. Bxc5 Qxc5 10. Nb5 Bxf3 11. gxf3 Ne7 12. Nd6+ Kf8 13. Qd2 Ng6 14. b4 Qc7 15. f4 Nd7 16. h4 h5 17. c4 dxc4 18. Rh3 Rd8 19. Rd1 Nb6 20. Qd4 Ne7 21. Qc5 Qxc5 22. bxc5 Nbd5 23. Bxc4 b6 24. Bxd5 exd5 25. cxb6 axb6 26. Rb3 g6 27. Rxb6 Ra8 28. Rd2 Ra4 29. Rb8+ Kg7 30. Rxh8 Kxh8 31. Nxf7+ Kg8 32. Ng5 Rxf4 33. Rb2 Ra4 34. Rb8+ Kg7 35. Rb7 Kf8 36. Rb8+ Kg7 37. Ne6+ Kf7 38. Ng5+ Kg7 39. Rb7 Kf8 40. e6 Ra8 41. Nh7+ Ke8 42. a4 Nf5 43. Nf6+ Kd8 44. Nxd5 1-0

[Event "Politiken Cup 30th"]
[Site "Helsingor"]
[Date "2008.07.20"]
[Round "3"]
[White "Brorsen, Jacob Abildlund"]
[Black "Nielsen, Borge Hjerrild"]
[Result "1/2-1/2"]
[WhiteElo "1882"]
[BlackElo "2116"]
[PlyCount "94"]
[EventDate "2008.07.19"]
[EventType "swiss"]
[EventRounds "10"]
[EventCountry "DEN"]
[SourceTitle "CBM 125 Extra"]
[Source "ChessBase"]
[SourceDate "2008.09.01"]
[SourceVersion "1"]
[SourceVersionDate "2008.09.01"]
[SourceQuality "1"]

1. f4 Nf6 2. Nf3 g6 3. g3 Bg7 4. Bg2 0-0 5. 0-0 d5 6. d3 d4 7. c4 c5 8. Nbd2 Nc6 9. Nh4 Qc7 10. f5 Bd7 11. Ne4 Ne5 12. Nxf6+ Bxf6 13. Bh6 Bg7 14. Bxg7 Kxg7 15. h3 g5 16. f6+ exf6 17. Nf5+ Bxf5 18. Rxf5 Ng6 19. Qe1 Ne7 20. Rf1 Qd6 21. Qf2 Rab8 22. Be4 a6 23. a4 b6 24. Kg2 Rh8 25. h4 h6 26. Qf3 Qe5 27. Rf2 Rbd8 28. Rb1 a5 29. Rbf1 Rd6 30. Qh5 Ng6 31. Rf5 Qe7 32. R5f2 Ne5 33. b3 Qd7 34. Bf5 Qc6+ 35. Be4 Qe8 36. Re1 Qd8 37. Ref1 Ng6 38. Rg1 Qe7 39. Rgf1 Rf8 40. Rh1 gxh4 41. gxh4 Qe5 42. Qf3 h5 43. Kf1 Rh8 44. Rg1 Rh6 45. Qh3 Qe6 46. Qh2 Qe5 47. Qh3 Qe6 1/2-1/2

[Event "Politiken Cup 30th"]
[Site "Helsingor"]
[Date "2008.07.20"]
[Round "2"]
[White "Nielsen, Borge Hjerrild"]
[Black "Ashwin, Jayaram"]
[Result "0-1"]
[WhiteElo "2116"]
[BlackElo "2436"]
[PlyCount "74"]
[EventDate "2008.07.19"]
[EventType "swiss"]
[EventRounds "10"]
[EventCountry "DEN"]
[SourceTitle "CBM 125 Extra"]
[Source "ChessBase"]
[SourceDate "2008.09.01"]
[SourceVersion "1"]
[SourceVersionDate "2008.09.01"]
[SourceQuality "1"]

1. d4 Nf6 2. c4 g6 3. Nf3 Bg7 4. g3 c6 5. Bg2 d5 6. cxd5 cxd5 7. 0-0 0-0 8. Nc3 Nc6 9. Ne5 e6 10. Nxc6 bxc6 11. Bf4 Nd7 12. Na4 Ba6 13. Rc1 Qa5 14. a3 Bxe2 15. Qxe2 Qxa4 16. Bd6 Rfc8 17. Rfd1 Qb5 18. Qd2 Bf8 19. Bxf8 Kxf8 20. Rc3 Rab8 21. b3 Qa5 22. b4 Qa4 23. Bf1 a5 24. bxa5 Qxa5 25. Rxc6 Qxa3 26. Qc2 Rxc6 27. Qxc6 Nf6 28. Qc7 Rb2 29. Rd3 Qe7 30. Qf4 Ne4 31. Rf3 Kg8 32. Kg2 Nd2 33. Rd3 g5 34. Qe3 Ne4 35. Be2 Qf6 36. h3 Nd6 37. Rd2 Nf5 0-1

[Event "Politiken Cup 29th"]
[Site "Copenhagen"]
[Date "2007.07.29"]
[Round "10"]
[White "Jorgensen, Dennis"]
[Black "Nielsen, Borge Hjerrild"]
[Result "1-0"]
[WhiteElo "2186"]
[BlackElo "2129"]
[PlyCount "97"]
[EventDate "2007.07.21"]
[EventType "swiss"]
[EventRounds "10"]
[EventCountry "DEN"]
[SourceTitle "CBM 119 Extra"]
[Source "ChessBase"]
[SourceDate "2007.09.04"]
[SourceVersion "1"]
[SourceVersionDate "2007.09.04"]
[SourceQuality "1"]

1. d4 d5 2. c4 e6 3. Nc3 Be7 4. Nf3 Nf6 5. Bf4 0-0 6. e3 c6 7. Qc2 Nbd7 8. Rd1 b6 9. Bd3 Bb7 10. 0-0 Re8 11. Ne5 Nf8 12. e4 Nxe4 13. Nxe4 dxe4 14. Bxe4 Qc8 15. Rfe1 Ng6 16. Bg3 f5 17. Nxg6 hxg6 18. Bf3 Bf6 19. h3 Qd7 20. Be5 Rad8 21. b4 Bxe5 22. Rxe5 Qc7 23. Qe2 Kf7 24. Re1 Qc8 25. Qe3 Qd7 26. Rd1 Qc8 27. h4 Qd7 28. Qf4 Qe7 29. a3 Qd7 30. Qg3 Rh8 31. Rde1 Rde8 32. Qf4 Qd8 33. g3 Qd7 34. Qe3 Qc8 35. Qg5 Ba6 36. b5 cxb5 37. cxb5 Bb7 38. d5 Bxd5 39. Bxd5 exd5 40. Re7+ Rxe7 41. Rxe7+ Kf8 42. Rxa7 Qe8 43. Rb7 Kg8 44. Rxb6 Kh7 45. h5 gxh5 46. Qxf5+ g6 47. Rb7+ Kh6 48. Qf4+ g5 49. Qf6+ 1-0

[Event "Politiken Cup 29th"]
[Site "Copenhagen"]
[Date "2007.07.22"]
[Round "2"]
[White "Karttunen, Mika"]
[Black "Nielsen, Borge Hjerrild"]
[Result "1-0"]
[WhiteElo "2447"]
[BlackElo "2129"]
[PlyCount "65"]
[EventDate "2007.07.21"]
[EventType "swiss"]
[EventRounds "10"]
[EventCountry "DEN"]
[SourceTitle "CBM 119 Extra"]
[Source "ChessBase"]
[SourceDate "2007.09.04"]
[SourceVersion "1"]
[SourceVersionDate "2007.09.04"]
[SourceQuality "1"]

1. d4 d5 2. c4 e6 3. Nc3 Be7 4. cxd5 exd5 5. Bf4 c6 6. e3 Bf5 7. Bd3 Bxd3 8. Qxd3 Nf6 9. Nge2 Nbd7 10. h3 a5 11. 0-0 0-0 12. Rad1 Re8 13. f3 g6 14. e4 Nf8 15. e5 Nh5 16. Be3 Ng7 17. g4 f5 18. Ng3 Bh4 19. Nce2 Qd7 20. Kh2 Qf7 21. Bh6 Nfe6 22. f4 Ra6 23. Rf3 Kh8 24. Nf1 Be7 25. Ne3 Rb6 26. b3 a4 27. Rg1 axb3 28. axb3 Rb4 29. Rfg3 fxg4 30. hxg4 Bh4 31. Rf3 Ng5 32. Bxg5 Bxg5 33. Nc2 1-0

[Event "Valby K41 Spring-B"]
[Site "Valby"]
[Date "2007.04.17"]
[Round "3"]
[White "Nielsen, Borge Hjerrild"]
[Black "Eriksson, Christian Altenburg"]
[Result "0-1"]
[WhiteElo "2116"]
[BlackElo "1992"]
[PlyCount "74"]
[EventDate "2007.03.13"]
[EventType "tourn"]
[EventRounds "7"]
[EventCountry "DEN"]
[SourceTitle "EXT 2018"]
[Source "ChessBase"]
[SourceDate "2017.10.13"]
[SourceVersion "1"]
[SourceVersionDate "2017.10.13"]
[SourceQuality "1"]

1. d4 Nf6 2. c4 e6 3. Nc3 Bb4 4. Qc2 0-0 5. Nf3 b6 6. e4 d5 7. cxd5 exd5 8. e5 Ne4 9. Bd3 f5 10. a3 Bxc3+ 11. bxc3 c5 12. a4 Ba6 13. 0-0 Qc8 14. Ba3 Bxd3 15. Qxd3 Qa6 16. Qxa6 Nxa6 17. Rfc1 Rfd8 18. Kf1 Nc7 19. Ke2 Ne6 20. g3 Rac8 21. Bb2 Rc7 22. Ne1 Rdc8 23. f3 cxd4 24. fxe4 dxc3 25. Rxc3 Rxc3 26. Bxc3 Rxc3 27. exd5 Nd4+ 28. Kf1 Kf7 29. Rd1 Rc4 30. Nd3 Nc2 31. Ke2 Re4+ 32. Kd2 Ne3 33. Re1 Nxd5 34. Rxe4 fxe4 35. Nf4 Nxf4 36. gxf4 Ke6 37. h4 a6 0-1

[Event "Valby K41 Spring-B"]
[Site "Valby"]
[Date "2007.03.13"]
[Round "1"]
[White "Nielsen, Borge Hjerrild"]
[Black "Akdag, Dara Sevkan"]
[Result "1-0"]
[WhiteElo "2116"]
[BlackElo "1976"]
[PlyCount "67"]
[EventDate "2007.03.13"]
[EventType "tourn"]
[EventRounds "7"]
[EventCountry "DEN"]
[SourceTitle "EXT 2018"]
[Source "ChessBase"]
[SourceDate "2017.10.13"]
[SourceVersion "1"]
[SourceVersionDate "2017.10.13"]
[SourceQuality "1"]

1. d4 Nf6 2. c4 e6 3. Nc3 c5 4. d5 exd5 5. cxd5 d6 6. Nf3 g6 7. g3 Bg7 8. Bg2 0-0 9. 0-0 a6 10. a4 Nbd7 11. h3 Re8 12. Nd2 Rb8 13. Nc4 Ne5 14. Nxe5 Rxe5 15. a5 Re8 16. Re1 Nh5 17. e4 Be5 18. Bd2 f5 19. exf5 Rf8 20. Be3 Bxf5 21. g4 Bd7 22. gxh5 Qh4 23. f4 Rxf4 24. Bxf4 Bxf4 25. Re4 Rf8 26. Qe1 Qxh5 27. Rxf4 Rxf4 28. Qe3 Rf8 29. Rf1 Rxf1+ 30. Bxf1 Qh4 31. Ne4 Qe7 32. Qf4 Bf5 33. Nxd6 Qc7 34. Qe5 1-0

[Event "Politiken Cup 28th"]
[Site "Copenhagen"]
[Date "2006.07.30"]
[Round "9"]
[White "Nielsen, Borge Hjerrild"]
[Black "Robertson, David"]
[Result "1-0"]
[WhiteElo "2119"]
[BlackElo "1927"]
[PlyCount "41"]
[EventDate "2006.07.22"]
[EventType "swiss"]
[EventRounds "9"]
[EventCountry "DEN"]
[SourceTitle "CBM 113 Extra"]
[Source "ChessBase"]
[SourceDate "2006.09.14"]
[SourceVersion "1"]
[SourceVersionDate "2006.09.14"]
[SourceQuality "1"]

1. d4 d5 2. c4 c6 3. cxd5 cxd5 4. Nc3 Nc6 5. Nf3 Nf6 6. Bf4 e6 7. e3 a6 8. Bd3 g6 9. 0-0 Bg7 10. Ne5 0-0 11. Nxc6 bxc6 12. Be5 Nd7 13. Bxg7 Kxg7 14. Na4 e5 15. dxe5 Nxe5 16. Rc1 Qf6 17. b3 Bf5 18. Bxf5 Qxf5 19. Qd4 Kg8 20. f4 Nd3 21. Rc3 1-0

[Event "Politiken Cup 28th"]
[Site "Copenhagen"]
[Date "2006.07.27"]
[Round "6"]
[White "Frank Nielsen, Marie"]
[Black "Nielsen, Borge Hjerrild"]
[Result "1/2-1/2"]
[WhiteElo "1955"]
[BlackElo "2119"]
[PlyCount "51"]
[EventDate "2006.07.22"]
[EventType "swiss"]
[EventRounds "9"]
[EventCountry "DEN"]
[SourceTitle "CBM 113 Extra"]
[Source "ChessBase"]
[SourceDate "2006.09.14"]
[SourceVersion "1"]
[SourceVersionDate "2006.09.14"]
[SourceQuality "1"]

1. e4 c6 2. d4 d5 3. exd5 cxd5 4. c4 Nf6 5. Nf3 e6 6. Nc3 Be7 7. Be2 dxc4 8. Bxc4 0-0 9. 0-0 Nc6 10. a3 a6 11. h3 b5 12. Bb3 Bb7 13. Be3 Na5 14. Ba2 Rc8 15. Ne5 Nd5 16. Ne2 Bd6 17. Bd2 Bxe5 18. dxe5 Nc4 19. Bxc4 Rxc4 20. Nc3 Rd4 21. Qe2 Qd7 22. Ne4 Ne7 23. Nd6 Nf5 24. Bc3 Rd5 25. Rad1 Qc6 26. Nxb7 1/2-1/2